|
|
|
|
| LEADER |
01420cam a2200361Ia 4500 |
| 001 |
9780203165775 |
| 003 |
FlBoTFG |
| 005 |
20091230162919.0 |
| 006 |
a|||||s||||||||||| |
| 007 |
cr|||| |
| 008 |
010723s2002 enkab sb 001 0 eng d |
| 020 |
|
|
|a 9780203165775 (e-book : PDF)
|
| 040 |
|
|
|a FlBoTFG
|c FlBoTFG
|d GrThAP
|
| 090 |
|
|
|a CC79.5.H85
|b D43 2002
|
| 092 |
|
|
|a 930.1
|b D278
|
| 245 |
0 |
4 |
|a The dead and their possessions
|h [electronic resource] :
|b repatriation in principle, policy, and practice /
|c edited by Cressida Fforde, Jane Hubert, and Paul Turnbull.
|
| 260 |
|
|
|a London ;
|a New York :
|b Routledge,
|c 2002.
|
| 300 |
|
|
|a xvi, 340 p. :
|b ill., maps.
|
| 490 |
1 |
|
|a One world archaeology ;
|v 43
|
| 504 |
|
|
|a Includes bibliographical references and index.
|
| 530 |
|
|
|a Also available in print edition.
|b CRC Press (http://www.crcpress.com)
|
| 538 |
|
|
|a Mode of access: World Wide Web.
|
| 650 |
|
0 |
|a Human remains (Archaeology)
|x Repatriation.
|
| 650 |
|
0 |
|a Cultural property
|x Repatriation.
|
| 650 |
|
0 |
|a Indigenous peoples
|x Antiquities
|x Collection and preservation.
|
| 650 |
|
0 |
|a Museums
|x Government policy.
|
| 655 |
|
7 |
|a Electronic books.
|2 lcsh
|
| 700 |
1 |
|
|a Fforde, Cressida,
|d 1969-
|
| 700 |
1 |
|
|a Hubert, Jane.
|
| 700 |
1 |
|
|a Turnbull, Paul,
|d 1954-
|
| 776 |
1 |
|
|z 9780415233859
|
| 830 |
|
0 |
|a One world archaeology ;
|v 43.
|
| 856 |
4 |
0 |
|u http://www.tandfebooks.com/isbn/9780203165775
|z Full Text via HEAL-Link
|